00660cam a22002172a 450000100060000000300080000600500170001400800390003103500190007004000280008904100080011708200180012510000340014324500410017726000640021830000300028249000400031250400200035265000300037283000400040224522BD-RjUL20211209001049.0140313r19561954nyua 001 0 eng a(BD-RjUL)24589 aDLCcDLCdUKMdEQObeng aeng04a933bORA 19561 aOrlinsky, Harry Meyer,d1908-10aAncient Israel /cHarry M. Orlinsky. aIthaca :bCornell University Press,cc1954 [printing 1956]. a193 p. :billus. ;c23 cm1 aDevelopment of Western civilization aincludes index. 0aJewsxHistoryyTo 70 A.D. 0aDevelopment of Western civilization